Municipios de Murcia (con un mapa) - Estadísticas

Estadísticas generales
  • Esta prueba ha sido intentada 12.181 veces
  • La puntuación promedio es 26 de 45
Respuestas en el mapa
Las respuestas están codificadas por una escala verde-roja en el mapa de la prueba según el % correcto abajo.
 
Estadísticas de respuestas
Municipio % Correcto
Murcia
98%
Cartagena
96%
Lorca
87%
Águilas
77%
Alcantarilla
77%
Yecla
76%
Caravaca de la Cruz
75%
San Javier
74%
Mazarrón
73%
Jumilla
72%
Cieza
69%
Molina de Segura
69%
San Pedro del Pinatar
68%
Alhama de Murcia
64%
Totana
64%
Mula
62%
Torre Pacheco
61%
Los Alcázares
58%
Moratalla
58%
Puerto Lumbreras
57%
Calasparra
56%
Cehegín
55%
La Unión
55%
Archena
54%
Bullas
54%
Ceutí
54%
Lorquí
54%
Torres de Cotillas
54%
Blanca
50%
Santomera
50%
Abanilla
49%
Abarán
49%
Fortuna
49%
Fuente Álamo de Murcia
47%
Librilla
47%
Beniel
46%
Ojós
46%
Ricote
41%
Aledo
40%
Pliego
40%
Alguazas
39%
Ulea
37%
Campos del Río
36%
Albudeite
35%
Villanueva del Río Segura
35%
No se encontraron pruebas coincidentes
Distribución de puntuación
Porcentaje de gente con cada puntuación
Porcentaje por número respondido
Historial de tus puntuaciones
No has intentado esta prueba.